Television Bunker Quiz Stats

 Plays Quiz Updated Jul 9, 2017

Support Sporcle.
Go Orange.
Score 0/15 Timer 06:00
5 Plays Today
Question Answer % Correct
????
100%
????
92.8%
????
88.9%
????
87.3%
????
80.8%
????
73.8%
????
59%
????
48.6%
Question Answer % Correct
????
39.4%
????
30.6%
????
20.1%
????
13.1%
????
10.2%
????
6.8%
????
2.7%

You're not logged in!

Compare scores with friends on all Sporcle quizzes.
OR
Log In
Forgot?

From the Vault

Dr. Seuss Book: Any Word A-Z

by Flick

If you get stuck, try entering rhyming words.
Remove Ads.
Support Sporcle.
Get the best of Sporcle when you Go Orange. This ad-free experience offers more features, more stats, and more fun while also helping to support Sporcle. Thank you for becoming a member.

Show Comments

Extras

Top Quizzes Today


Score Distribution

Your Account Isn't Verified!

In order to create a playlist on Sporcle, you need to verify the email address you used during registration. Go to your Sporcle Settings to finish the process.

Report this User

Report this user for behavior that violates our Community Guidelines.

Details: